[Event "Ceske Budejovice op-A"]
[Site "Ceske Budejovice"]
[Date "2025.07.04"]
[Round "7"]
[White "Cech, Nicolas"]
[Black "Bastyr, Pavel"]
[Result "1-0"]
[WhiteElo "1760"]
[BlackElo "1608"]
[PlyCount "67"]
[EventDate "2025.06.28"]
[EventType "swiss"]
[EventRounds "9"]
[EventCountry "CZE"]
[SourceTitle "CB28_2025"]
[SourceDate "2025.07.09"]
[SourceVersion "1"]
[SourceVersionDate "2025.07.09"]
[SourceQuality "1"]

1. e4 c5 2. Nf3 d6 3. d4 Nf6 4. Nc3 cxd4 5. Nxd4 a6 6. Bg5 Nbd7 7. f4 e5 8. fxe5 dxe5 9. Nb3 Qc7 10. a3 b5 11. Bd3 Be7 12. 0-0 0-0 13. Kh1 Re8 14. Qf3 Nb6 15. Be3 Bg4 16. Qf2 Rab8 17. h3 Be6 18. Nc5 Qc6 19. Nxa6 Nc4 20. Nxb8 Rxb8 21. Rab1 Nxe3 22. Qxe3 Bc5 23. Qe2 b4 24. Nb5 Nxe4 25. Bxe4 Qxb5 26. Qxb5 Rxb5 27. Bd3 Rb8 28. axb4 Bxb4 29. c3 Be7 30. b4 Rd8 31. Rfd1 f5 32. Bc2 e4 33. Rxd8+ Bxd8 34. Bb3 1-0

[Event "CZE-ch U16"]
[Site "Harrachov"]
[Date "2024.10.30"]
[Round "6"]
[White "Gregor, Alexandr"]
[Black "Cech, Nicolas"]
[Result "1-0"]
[WhiteElo "1813"]
[BlackElo "1618"]
[PlyCount "105"]
[EventDate "2024.10.26"]
[EventType "swiss"]
[EventRounds "9"]
[EventCountry "CZE"]
[SourceTitle "CB45_2024"]
[Source "ChessBase"]
[SourceDate "2024.11.06"]
[SourceVersion "1"]
[SourceVersionDate "2024.11.06"]
[SourceQuality "1"]

1. d4 c5 2. e3 cxd4 3. exd4 d5 4. Nf3 Nf6 5. Bd3 Bg4 6. c3 e6 7. Qc2 Bxf3 8. gxf3 Qc7 9. Bg5 Be7 10. Nd2 Nc6 11. f4 h6 12. Bh4 0-0-0 13. 0-0-0 Bd6 14. Rhg1 Rdg8 15. Rxg7 Rxg7 16. Bxf6 Rhg8 17. Bxg7 Rxg7 18. f5 Bxh2 19. fxe6 fxe6 20. Bf1 Kb8 21. Bh3 Qf7 22. Nf1 Bf4+ 23. Kb1 e5 24. dxe5 Qh5 25. Be6 Qxe5 26. Bxd5 Rd7 27. Bf3 Rxd1+ 28. Bxd1 Qe1 29. Qe2 Qxe2 30. Bxe2 Kc7 31. Kc2 Ne5 32. Ne3 Kd6 33. Ng2 Bh2 34. Kd2 Ke6 35. f4 Ng6 36. Bg4+ Kf6 37. Ke3 Bg1+ 38. Ke4 Ne7 39. Ne3 b5 40. Bd7 a6 41. Be8 Ng6 42. Ng4+ Kg7 43. f5 Nf8 44. f6+ Kh7 45. Kf5 Bc5 46. Ne5 Bd6 47. b4 Kg8 48. Bf7+ Kh7 49. a3 Bc7 50. c4 Bxe5 51. Kxe5 bxc4 52. Bxc4 Nd7+ 53. Ke6 1-0

[Event "CZE-ch U16"]
[Site "Harrachov"]
[Date "2024.10.29"]
[Round "5"]
[White "Mikhno, Artem"]
[Black "Cech, Nicolas"]
[Result "1/2-1/2"]
[WhiteElo "1952"]
[BlackElo "1618"]
[PlyCount "101"]
[EventDate "2024.10.26"]
[EventType "swiss"]
[EventRounds "9"]
[EventCountry "CZE"]
[SourceTitle "CB45_2024"]
[Source "ChessBase"]
[SourceDate "2024.11.06"]
[SourceVersion "1"]
[SourceVersionDate "2024.11.06"]
[SourceQuality "1"]

1. d4 Nf6 2. c4 g6 3. Nc3 Bg7 4. e4 d6 5. Nf3 0-0 6. Be2 e5 7. 0-0 Nc6 8. dxe5 Nxe5 9. Nxe5 dxe5 10. Be3 Be6 11. f3 c6 12. c5 Qa5 13. a3 Rfd8 14. Qc2 Qc7 15. Rfd1 Rd7 16. b4 Bf8 17. Na4 Rad8 18. Rxd7 Qxd7 19. Rd1 Qc7 20. Rxd8 Qxd8 21. Nb2 Ne8 22. Qd2 Qxd2 23. Bxd2 Nc7 24. Bc3 f6 25. Bc4 Kf7 26. Kf2 Bh6 27. Bxe6+ Nxe6 28. Nc4 Nd8 29. Ke2 Ke6 30. Bd2 Bxd2 31. Kxd2 Nf7 32. Kd3 Kd7 33. a4 a6 34. Ne3 Nd8 35. Kc4 h5 36. b5 axb5+ 37. axb5 Kc7 38. b6+ Kd7 39. Kb4 Kc8 40. Nc4 Nf7 41. Kc3 Kd7 42. Kd3 Ke7 43. Ke3 Kd7 44. h4 g5 45. hxg5 fxg5 46. g3 Ke6 47. f4 gxf4+ 48. gxf4 exf4+ 49. Kxf4 h4 50. Na5 Nd8 51. Nc4 1/2-1/2

[Event "Ceske Budejovice op"]
[Site "Ceske Budejovice"]
[Date "2024.07.05"]
[Round "7"]
[White "Cech, Nicolas"]
[Black "Titera, Libor"]
[Result "1/2-1/2"]
[WhiteElo "1607"]
[BlackElo "1869"]
[PlyCount "87"]
[EventDate "2024.06.29"]
[EventType "swiss"]
[EventRounds "9"]
[EventCountry "CZE"]
[SourceTitle "CBM 221 Extra"]
[Source "ChessBase"]
[SourceDate "2024.09.30"]
[SourceVersion "1"]
[SourceVersionDate "2024.09.30"]
[SourceQuality "1"]

1. e4 a6 2. d4 b5 3. Bd3 Bb7 4. Nf3 e6 5. 0-0 Nf6 6. Re1 c5 7. c3 Be7 8. Bf4 Qb6 9. Bc2 cxd4 10. cxd4 Nc6 11. d5 Nb4 12. dxe6 dxe6 13. a3 Nxc2 14. Qxc2 0-0 15. Nc3 Rac8 16. Rac1 Rfd8 17. Qb3 Rc4 18. Be3 Bc5 19. Bxc5 Qxc5 20. Na4 Qc7 21. Rxc4 bxc4 22. Qc2 h6 23. Nd2 Qf4 24. Nxc4 Bxe4 25. Qc1 Qh4 26. f3 Bc2 27. Nab6 Bb3 28. Rf1 Qd4+ 29. Kh1 Rb8 30. Qc3 Qxc3 31. bxc3 Bxc4 32. Nxc4 Rc8 33. Nd2 Rxc3 34. Ra1 Rc2 35. Nf1 Nd5 36. Kg1 f5 37. Re1 Kf7 38. Ne3 Nxe3 39. Rxe3 Kf6 40. Rb3 Ra2 41. h4 f4 42. Rb4 Rxa3 43. Rxf4+ Kg6 44. Rg4+ 1/2-1/2

[Event "Ceske Budejovice op"]
[Site "Ceske Budejovice"]
[Date "2024.07.01"]
[Round "3"]
[White "Nagyova, Daniela"]
[Black "Cech, Nicolas"]
[Result "1-0"]
[WhiteElo "1958"]
[BlackElo "1607"]
[PlyCount "53"]
[EventDate "2024.06.29"]
[EventType "swiss"]
[EventRounds "9"]
[EventCountry "CZE"]
[SourceTitle "CBM 221 Extra"]
[Source "ChessBase"]
[SourceDate "2024.09.30"]
[SourceVersion "1"]
[SourceVersionDate "2024.09.30"]
[SourceQuality "1"]

1. e4 c6 2. d4 d5 3. e5 c5 4. dxc5 Nc6 5. Nf3 Bg4 6. c3 e6 7. Be3 Nge7 8. Bb5 Qc7 9. Nbd2 a6 10. Ba4 Ng6 11. Bd4 Be7 12. h3 Bxf3 13. Nxf3 0-0 14. Bxc6 Qxc6 15. b4 a5 16. 0-0 axb4 17. cxb4 Ra4 18. a3 Rfa8 19. Bb2 Qb5 20. Rc1 Rc8 21. Nd4 Qa6 22. f4 Bd8 23. Kh1 Ne7 24. f5 b5 25. fxe6 fxe6 26. Qf3 h6 27. Qf7+ 1-0

[Event "Ceske Budejovice op-B"]
[Site "Ceske Budejovice"]
[Date "2023.07.04"]
[Round "4"]
[White "Cyron, Karel"]
[Black "Cech, Nicolas"]
[Result "1-0"]
[WhiteElo "1672"]
[BlackElo "1307"]
[PlyCount "51"]
[EventDate "2023.07.01"]
[EventType "swiss"]
[EventRounds "9"]
[EventCountry "CZE"]
[SourceTitle "EXT 2024"]
[Source "ChessBase"]
[SourceDate "2023.10.10"]
[SourceVersion "1"]
[SourceVersionDate "2023.10.10"]
[SourceQuality "1"]

1. e4 c5 2. Nf3 Nc6 3. d4 cxd4 4. Nxd4 g6 5. c4 Bg7 6. Nc2 Nf6 7. Nc3 0-0 8. Be2 d6 9. 0-0 Qc7 10. Kh1 a6 11. Qd2 Ne5 12. b3 Bd7 13. f3 Rac8 14. Bb2 Be6 15. Ne3 Nfd7 16. f4 Nc6 17. f5 gxf5 18. exf5 Bxc4 19. bxc4 Nd4 20. Ncd5 Qc5 21. Nxe7+ Kh8 22. Nxc8 Nxe2 23. Bxg7+ Kxg7 24. Qxe2 Re8 25. Qg4+ Kh8 26. f6 1-0